000 00691nam a2200241Ia 4500
003 OSt
005 20220918211904.0
006 a|||||r|||| 00| 0
007 ta
008 220917b |||||||| |||| 00| 0 eng d
024 _a126,097
037 _cTextual
040 _aARTS
_cARTS
_beng
041 _2eng
_aeng
082 _aW691.41.N34, L9
100 _aLotveit Trygve
_9121649
245 0 _aChinese communism 1931-34
_b experience in civil government
260 _aN.D
_bAmbika
_c1979
490 _aScandibnavian institute of Aisia studies
650 _aPOLITICAL SCIENCE
942 _hW691.41.N34, L9
_cTEXL
_2CC
999 _c249243
_d249243